00538nam a2200193Ia 4500003000400000005001700004008004100021020001900062040001000081082001500091100002500106245004900131250000800180260004200188300002400230500001900254600002100273650005000294OSt20241101052712.0240925s9999 xx 000 0 und d a97893325549805 cAACR2 a005.44 TAN aTanenbaum, Andrew S. 0aDistributed Systems Principles and Paradigms a2nd aNew Delhi:bPearson Educationc,2015. a427p.bNAfOriginal aIncludes Index aComputer Science aComputer science, information & general works